Studies on yield and biochemical sub-components of latex of rubber trees (Hevea brasiliensis) with a special reference to the impact of low temperature in a non-optimal environment (Record no. 69757)
[ view plain ]
| 000 -LEADER | |
|---|---|
| fixed length control field | 02783nam a2200289Ia 4500 |
| 100 ## - MAIN ENTRY--AUTHOR NAME | |
| Personal name | Alam B |
| 245 #0 - TITLE STATEMENT | |
| Title | Studies on yield and biochemical sub-components of latex of rubber trees (Hevea brasiliensis) with a special reference to the impact of low temperature in a non-optimal environment |
| 260 ## - PUBLICATION, DISTRIBUTION, ETC. (IMPRINT) | |
| Name of publisher | Journal of Rubber Research |
| Year of publication | 2003 |
| 300 ## - PHYSICAL DESCRIPTION | |
| Number of Pages | 241-257 |
| 520 ## - SUMMARY, ETC. | |
| Summary, etc | This study was conducted to examine the relationship of yield with latex sub-components with a special reference to low temperature effects in five commercially popular clones (GT 1, RRII 105, RRII 118, PB 235, and RRIM 600) of rubber tree Hevea brasiliensis in a non-traditional area of rubber cultivation in North-East India where low temperature prevails in winter. There was a clear seasonal and clonal variation in yield. The pre-winter (October to November) was the broad peak yielding period. Rubber yield due to low temperature during the winter season (December to February) decreased in the range of about 8;to 40;depending on the clones. Low temperature-induced yield depression was lowest in clone RRIM 600 which indicated its relatively better acclimatisation to the cold climate. Latex thiol content increased about five-fold in the winter season in comparison to the peak yielding pre-winter season. This remarkable increase in thiol content in the latex in the winter season confirmed a positive relation between thiol and cold stress in Hevea for the first time. Sugar and thiol were found negatively correlated with yield. Positive correlations were obtained between yield and maximum temperature (Tmax), minimum temperature (Tmin), the total solid content of latex (TSC) and soil moisture (SM). A multiple regression analysis considering the yield as dependent and sugar, thiol, inorganic phosphate (Pi), TSC, Tmax, Tmin and SM as independent variables revealed that about 41;variability of yield can be explained through these independent variables. Path coefficient analysis proved that thiol, Pi, TSC and SM have major direct effects on yield, while Pi, TSC, Tmin and SM were noted to have direct effects on thiol. Strong relations of thiol with yield and minimum temperature showed that the ratio of yield to thiol would be one of the determinants for rubber producing potential of Hevea clones during winter in the non-optimal environment. |
| 650 ## - SUBJECT ADDED ENTRY--TOPICAL TERM | |
| Topical Term | Cold stress |
| 650 ## - SUBJECT ADDED ENTRY--TOPICAL TERM | |
| Topical Term | Hevea brasiliensis |
| 650 ## - SUBJECT ADDED ENTRY--TOPICAL TERM | |
| Topical Term | Inorganic phosphate |
| 650 ## - SUBJECT ADDED ENTRY--TOPICAL TERM | |
| Topical Term | Latex |
| 650 ## - SUBJECT ADDED ENTRY--TOPICAL TERM | |
| Topical Term | Minimum temperature |
| 650 ## - SUBJECT ADDED ENTRY--TOPICAL TERM | |
| Topical Term | Soil moisture |
| 650 ## - SUBJECT ADDED ENTRY--TOPICAL TERM | |
| Topical Term | Sugar |
| 650 ## - SUBJECT ADDED ENTRY--TOPICAL TERM | |
| Topical Term | Thiol |
| 650 ## - SUBJECT ADDED ENTRY--TOPICAL TERM | |
| Topical Term | Yield regulation |
| 700 ## - ADDED ENTRY--PERSONAL NAME | |
| Personal name | Das G |
| 700 ## - ADDED ENTRY--PERSONAL NAME | |
| Personal name | Dey S K |
| 700 ## - ADDED ENTRY--PERSONAL NAME | |
| Personal name | Pal T K |
| 700 ## - ADDED ENTRY--PERSONAL NAME | |
| Personal name | Roy S |
| 700 ## - ADDED ENTRY--PERSONAL NAME | |
| Personal name | Shammi Raj |
| 942 ## - ADDED ENTRY ELEMENTS (KOHA) | |
| Koha item type | Journals |
| Withdrawn status | Lost status | Damaged status | Not for loan | Home library | Current library | Shelving location | Date acquired | Serial Enumeration / chronology | Koha item type |
|---|---|---|---|---|---|---|---|---|---|
| Journals | RRII Library | RRII Library | Plant physiology | 17/12/2021 | Volume 6, Issue 4 | Journals |